| 000 | 02019 a2200349 4500 | ||
|---|---|---|---|
| 003 | OSt | ||
| 005 | 20180116192406.0 | ||
| 008 | 120613t xxu||||| |||| 00| 0 eng d | ||
| 010 | _a 99052186 | ||
| 020 | _a0865475571 (alk. paper) | ||
| 020 | _a9780865477506 | ||
| 040 | _c0 | ||
| 082 | 0 | 0 | _a307.760973 |
| 100 | 1 |
_aDuany, Andres. _94617 |
|
| 245 | 1 | 0 |
_aSuburban nation : _bthe rise of sprawl and the decline of the American Dream / _cAndres Duany, Elizabeth Plater-Zyberk, and Jeff Speck. |
| 250 | _a1st ed. | ||
| 260 |
_aNew York : _bNorth Point Press, _cc2000. |
||
| 300 |
_axiv, [294] p. : _bill. ; _c21 cm. |
||
| 505 | 8 | _aMachine generated contents note: Introduction ix -- What Is Sprawl, and Why? 3 -- z The Devil Is in the Details 21 -- 3 The House That Sprawl Built 39 -- 4 The Physical Creation of Society 59 -- 5 The American Transportation Mess 85 -- 6 Sprawl and the Developer 99 -- 7 TheVictims of Sprawl 115 -- 8 The Cityand the Region i35 -- 9 'he Inner City 153 -- lo Howto Make a Town 83 -- ii What Is to Be Done 215 -- Appendix A: The Traditional Neighborhood -- Development Checklist 245 -- Appendix B: The Congress for the New Urbanism 253 -- Acknowledgments 263 -- Notes 267 -- Bibliography 269 -- Sources of Illustrations 277 -- Index 279. | |
| 650 | 1 | 0 |
_aUrbanization _zUnited States. _94618 |
| 650 | 1 | 0 |
_aSuburbs _zUnited States. _94619 |
| 650 | 1 | 0 |
_aCommunity development, Urban _zUnited States. _94620 |
| 650 | 1 | 0 |
_aUrban renewal _zUnited States. _94621 |
| 650 | 1 | 0 |
_aUrban policy _zUnited States. _94622 |
| 700 | 2 |
_aPlater-Zyberk, Elizabeth. _94623 |
|
| 700 | 2 |
_aSpeck, Jeff. _94624 |
|
| 856 | 4 | 2 |
_3Contributor biographical information _uhttp://www.loc.gov/catdir/bios/hol056/99052186.html |
| 856 | 4 | 2 |
_3Publisher description _uhttp://www.loc.gov/catdir/description/hol057/99052186.html |
| 856 | 4 | 2 |
_3Table of contents _uhttp://www.loc.gov/catdir/toc/fy02/99052186.html |
| 942 |
_aSADA _cBK _k307.760973 DUA 2000 _2ddc |
||
| 999 |
_c353382 _d353382 |
||